Online Catalogue and eLibrary

Politics and globalisation : (Record no. 5871)

MARC details
000 -LEADER
fixed length control field 00645cam a2200217 a 4500
001 - CONTROL NUMBER
control field 12032013
005 - DATE AND TIME OF LATEST TRANSACTION
control field 20240401061930.0
008 - FIXED-LENGTH DATA ELEMENTS--GENERAL INFORMATION
fixed length control field 000606s1999 enk b 001 0 eng d
020 ## - INTERNATIONAL STANDARD BOOK NUMBER
ISBN 0415206987
040 ## - CATALOGING SOURCE (பட்டியலாக்க மூலம்)
Original cataloging agency PSC
Transcribing agency PSC
Modifying agency DLC
082 00 - DDC Classification
Class No. 330
DDC Edition Number 21
Item Number - Author Mark POL.
245 00 - TITLE STATEMENT
Title Politics and globalisation :
Remainder of title knowledge, ethics, and agency /
Statement of responsibility, etc. Martin Shaw.
260 ## - PUBLICATION, DISTRIBUTION, ETC.
Place of publication, distribution, etc. London ;
Name of publisher, distributor, etc. Routledge,
Date of publication, distribution, etc. 1999.
300 ## - PHYSICAL DESCRIPTION
Extent (e.g. Volumes, Pages etc.) x, 229 p. ;
650 #0 - SUBJECT ADDED ENTRY--TOPICAL TERM
Topical term or geographic name entry element Globalization.
650 #0 - SUBJECT ADDED ENTRY--TOPICAL TERM
Topical term or geographic name entry element Political science.
650 #0 - SUBJECT ADDED ENTRY--TOPICAL TERM
Topical term or geographic name entry element International relations.
700 1# - ADDED ENTRY--PERSONAL NAME
Personal name Shaw, Martin,
Relator term (Role) Editor
856 42 - ELECTRONIC LOCATION AND ACCESS
Uniform Resource Identifier <a href="http://www.loc.gov/catdir/enhancements/fy0650/00267919-d.html">http://www.loc.gov/catdir/enhancements/fy0650/00267919-d.html</a>
942 ## - Koha item type (Biblio)
Koha item type Books in Stacks (Lending)

No items available.

© WERC Library